| Tag |
First Indicator |
Second Indicator |
Subfields |
| LEADER |
00000pam a2200000 a 4500 |
| 001 |
in00000087805 |
| 005 |
20151008063018.0 |
| 008 |
810709s1982 nyuab b 00110 eng |
| 010 |
|
|
|a 81010241
|
| 020 |
|
|
|a 0231043260 (set : cloth)
|
| 020 |
|
|
|a 0231053509 (v. 1 : cloth)
|
| 020 |
|
|
|a 0231053525 (v. 2 : cloth)
|
| 020 |
|
|
|a 0231043279 (set : paper)
|
| 020 |
|
|
|a 0231053517 (v. 1 : paper)
|
| 020 |
|
|
|a 0231053533 (v. 2 : paper)
|
| 035 |
|
|
|a (OCoLC)07652832
|
| 035 |
|
|
|9 AAK1398AM
|
| 040 |
|
|
|a DLC
|c DLC
|d TXA
|d UtOrBLW
|
| 043 |
|
|
|a e-pl---
|
| 049 |
|
|
|a TXAM
|v 1 [1387727,
|v 2 [1387728]
|
| 050 |
0 |
0 |
|a DK4140
|b .D38 1982
|
| 082 |
0 |
|
|a 943.8
|2 19
|
| 100 |
1 |
|
|a Davies, Norman,
|d 1939-
|
| 245 |
1 |
0 |
|a God's playground :
|b a history of Poland /
|c by Norman Davies.
|
| 246 |
3 |
0 |
|a History of Poland
|
| 264 |
|
1 |
|a New York :
|b Columbia University Press,
|c 1982.
|
| 300 |
|
|
|a 2 volumes :
|b illustrations, maps ;
|c 22 cm.
|
| 336 |
|
|
|a text
|b txt
|2 rdacontent
|
| 337 |
|
|
|a unmediated
|b n
|2 rdamedia
|
| 338 |
|
|
|a volume
|b nc
|2 rdacarrier
|
| 500 |
|
|
|a Includes index.
|
| 504 |
|
|
|a Bibliography: volume 2, pages 680-684.
|
| 505 |
0 |
|
|a v. 1. The origins to 1795 -- v. 2. 1795 to the present.
|
| 536 |
|
|
|a From the library of Dr. James H. Copp, February 2004.
|
| 651 |
|
0 |
|a Poland
|x History.
|
| 999 |
|
|
|a MARS
|
| 999 |
f |
f |
|s a182f0c9-ad8c-31ac-837c-9cc8243523da
|i 61d6f515-e12e-3b72-a523-9f2b7709193a
|t 0
|
| 952 |
f |
f |
|p normal
|a Texas A&M University
|b College Station
|c Sterling C. Evans Library
|d Evans: Library Stacks
|t 0
|e DK4140 .D38 1982
|h Library of Congress classification
|i unmediated -- volume
|k v.1
|m A14831138126
|
| 952 |
f |
f |
|p normal
|a Texas A&M University
|b College Station
|c Sterling C. Evans Library
|d Evans: Library Stacks
|t 0
|e DK4140 .D38 1982
|h Library of Congress classification
|i unmediated -- volume
|k v.2
|m A14831138184
|
| 998 |
f |
f |
|a DK4140 .D38 1982
|s v.1-2
|t 0
|l Evans: Library Stacks
|